000 00480nam a2200169Ia 4500
008 230917s9999||||xx |||||||||||||| ||und||
020 _cRS 225.00
040 _e5014127
_aMAIN
041 _aEnglish
082 _a519.5 G192S
100 _aGarrett, Henry E
245 0 _aStatistics in psychology and education
260 _aNew Delhi
_bParagon International Publishers
_c2021
300 _axii, 491 p.
500 _a5062 15/02/2023 PBA23/561 16/02/2023 Main Budget
942 _cBK
999 _c8881
_d8881